Laying a foundation for the criminological examination of right-wing, left-wing, and Al Qaeda-inspired extremism in the United States

Saved in:  
Bibliographic Details
Authors: Chermak, Steven M. 1964- (Author) ; Gruenewald, Jeffrey A. (Author)
Format: Electronic Article
Language:English
Published: 2015
In: Terrorism and political violence
Year: 2015, Volume: 27, Issue: 1, Pages: 133-159
Online Access: Volltext (lizenzpflichtig)
Check availability: HBZ Gateway

MARC

LEADER 00000caa a22000002c 4500
001 1912607360
003 DE-627
005 20250115055011.0
007 cr uuu---uuuuu
008 241217s2015 xx |||||o 00| ||eng c
024 7 |a 10.1080/09546553.2014.975646  |2 doi 
035 |a (DE-627)1912607360 
035 |a (DE-599)KXP1912607360 
040 |a DE-627  |b ger  |c DE-627  |e rda 
041 |a eng 
084 |a 2,1  |2 ssgn 
100 1 |a Chermak, Steven M.  |d 1964-  |e VerfasserIn  |0 (DE-588)1127256297  |0 (DE-627)881706507  |0 (DE-576)171603303  |4 aut 
109 |a Chermak, Steven M. 1964-  |a Chermak, Steven 1964-  |a Chermak, Steven Michael 1964- 
245 1 0 |a Laying a foundation for the criminological examination of right-wing, left-wing, and Al Qaeda-inspired extremism in the United States 
264 1 |c 2015 
336 |a Text  |b txt  |2 rdacontent 
337 |a Computermedien  |b c  |2 rdamedia 
338 |a Online-Ressource  |b cr  |2 rdacarrier 
700 1 |a Gruenewald, Jeffrey A.  |e VerfasserIn  |4 aut 
773 0 8 |i Enthalten in  |t Terrorism and political violence  |d London : Cass, 1989  |g 27(2015), 1, Seite 133-159  |h Online-Ressource  |w (DE-627)349234795  |w (DE-600)2080322-9  |w (DE-576)113563507  |x 1556-1836  |7 nnas 
773 1 8 |g volume:27  |g year:2015  |g number:1  |g pages:133-159 
787 0 8 |i Forschungsdaten  |a United States Department of Justice. Federal Bureau of Investigation  |t Uniform Crime Reporting Program Data (United States): County-Level Detailed Arrest and Offense Data, 2000  |d [Erscheinungsort nicht ermittelbar] : [Verlag nicht ermittelbar], 2002  |w (DE-627)1840060867 
856 4 0 |u https://doi.org/10.1080/09546553.2014.975646  |x Resolving-System  |z lizenzpflichtig  |3 Volltext  |7 1 
935 |a mkri 
951 |a AR 
ELC |a 1 
LOK |0 000 xxxxxcx a22 zn 4500 
LOK |0 001 4637572886 
LOK |0 003 DE-627 
LOK |0 004 1912607360 
LOK |0 005 20241217044642 
LOK |0 008 241217||||||||||||||||ger||||||| 
LOK |0 035   |a (DE-2619)ICPSR117703 
LOK |0 040   |a DE-2619  |c DE-627  |d DE-2619 
LOK |0 092   |o n 
LOK |0 852   |a DE-2619 
LOK |0 852 1  |9 00 
LOK |0 935   |a nacp 
LOK |0 939   |a 17-12-24  |b l01 
ORI |a SA-MARC-krimdoka001.raw